000 00668nam a2200205Ia 4500
001 15007
003 GE_BSU
008 181216s||||||||xx |||||||||||||| ||und||
040 _cGE_BSU
080 _a53(072)
100 _aБугаев,А.И.
245 _aМетодика преподавания физики в средней школе. Теоретические основы
260 _aМосква
260 _bПросвещение.
260 _c1981
300 _a287стр.22см.
653 _aМетодика преподавания физики в средней школе
653 _aТеоретические основы
942 _cBK
999 _c48126
_d48126